[Event "Gyor Amateur op 16th"]
[Site "Gyor"]
[Date "2019.03.02"]
[Round "2"]
[White "Horvath, Tibor"]
[Black "Topercer, Marton"]
[Result "1/2-1/2"]
[WhiteElo "1848"]
[BlackElo "1471"]
[PlyCount "116"]
[EventDate "2019.03.02"]
[EventType "swiss"]
[EventRounds "5"]
[EventCountry "HUN"]
[SourceTitle "CBM 190 Extra"]
[Source "ChessBase"]
[SourceDate "2019.07.15"]
[SourceVersion "1"]
[SourceVersionDate "2019.07.15"]
[SourceQuality "1"]

1. d4 Nf6 2. Nc3 d5 3. Bf4 c6 4. Qd2 Bf5 5. Nf3 e6 6. a3 Bd6 7. Bxd6 Qxd6 8. Nh4 Bg6 9. Nxg6 hxg6 10. 0-0-0 Rxh2 11. Rxh2 Qxh2 12. f3 Nbd7 13. e4 dxe4 14. fxe4 Qh6 15. d5 exd5 16. exd5 Qxd2+ 17. Rxd2 Nxd5 18. Nxd5 cxd5 19. Rxd5 0-0-0 20. Bc4 f6 21. Ra5 Ne5 22. Be6+ Kb8 23. Rc5 b6 24. Rc3 g5 25. b4 Ng6 26. g3 Rf8 27. Bf5 Ne7 28. Bh3 f5 29. Re3 Rh8 30. Bg2 Rh2 31. Bf3 Ng6 32. Re6 Rh6 33. Be2 f4 34. gxf4 gxf4 35. Ba6 f3 36. Rc6 Ne7 37. Rxh6 gxh6 38. Kd2 Ng6 39. Ke3 Kc7 40. Kxf3 Kd6 41. Kg4 Ne5+ 42. Kh5 Kd5 43. c3 Nf7 44. Kg6 Ne5+ 45. Kxh6 Nc4 46. Bb7+ Kd6 47. a4 a5 48. Ba6 axb4 49. cxb4 Nb2 50. Bb5 Kd5 51. a5 bxa5 52. bxa5 Kd6 53. Kg5 Kc7 54. Kf4 Kb7 55. Ke4 Nd1 56. Kd4 Ka7 57. Bf1 Nf2 58. Be2 Nh3 1/2-1/2

[Event "HUN-chT2 Breyer 1819"]
[Site "Hungary"]
[Date "2019.01.27"]
[Round "4.11"]
[White "Rabi Nagy, Daniel"]
[Black "Topercer, Marton"]
[Result "1-0"]
[WhiteElo "1647"]
[BlackElo "1480"]
[PlyCount "87"]
[EventDate "2018.10.28"]
[EventType "team-tourn"]
[EventRounds "9"]
[EventCountry "HUN"]
[SourceTitle "CBM 189 Extra"]
[Source "ChessBase"]
[SourceDate "2019.06.03"]
[SourceVersion "1"]
[SourceVersionDate "2019.06.03"]
[SourceQuality "1"]
[WhiteTeam "Szekesfehervar"]
[BlackTeam "Paty"]
[WhiteTeamCountry "HUN"]
[BlackTeamCountry "HUN"]

1. e4 c5 2. Nf3 d6 3. d4 cxd4 4. Nxd4 Nf6 5. Nc3 g6 6. Be3 Bg7 7. Bc4 0-0 8. 0-0 Nc6 9. Qd2 Nxd4 10. Bxd4 Be6 11. Bxe6 fxe6 12. Rad1 e5 13. Be3 Kh8 14. Bh6 Rc8 15. Bxg7+ Kxg7 16. Qe3 a6 17. Rd2 Qa5 18. a3 Qc5 19. Qxc5 Rxc5 20. f3 Rfc8 21. Rc1 b5 22. Nd5 Nxd5 23. exd5 a5 24. c3 b4 25. axb4 axb4 26. Rd3 bxc3 27. Rdxc3 Rxc3 28. Rxc3 Rxc3 29. bxc3 Kf6 30. Kf2 e6 31. c4 exd5 32. cxd5 Kf5 33. Ke3 h6 34. h4 g5 35. g4+ Kf6 36. h5 Kf7 37. Kd3 Ke7 38. Kc4 Kd7 39. Kb5 Kc7 40. Ka6 Kc8 41. Kb6 Kd7 42. Kb7 Kd8 43. Kc6 Ke7 44. Kc7 1-0

[Event "HUN-chT2 Breyer 1718"]
[Site "Hungary"]
[Date "2017.12.17"]
[Round "6.11"]
[White "Topercer, Marton"]
[Black "Fekete, Laszlo2222"]
[Result "0-1"]
[WhiteElo "1344"]
[BlackElo "1440"]
[PlyCount "80"]
[EventDate "2017.09.24"]
[EventType "team-tourn"]
[EventRounds "11"]
[EventCountry "HUN"]
[SourceTitle "EXT 2021"]
[Source "ChessBase"]
[SourceDate "2020.10.23"]
[SourceVersion "1"]
[SourceVersionDate "2020.10.23"]
[SourceQuality "1"]
[WhiteTeam "Tatabanya Turul"]
[BlackTeam "Esztergom"]
[WhiteTeamCountry "HUN"]
[BlackTeamCountry "HUN"]

1. e4 c5 2. Nf3 a6 3. c3 d5 4. exd5 Qxd5 5. d4 Bg4 6. Be2 e6 7. Bf4 Nc6 8. h3 Bh5 9. 0-0 Nf6 10. Ne5 Bxe2 11. Qxe2 Be7 12. Rd1 0-0 13. dxc5 Qxc5 14. b4 Qa7 15. Nc4 Rad8 16. Nba3 b5 17. Be3 Qc7 18. Rxd8 Qxd8 19. Rd1 Qc7 20. Nb6 Rb8 21. Nc2 Rxb6 22. Bxb6 Qxb6 23. Nd4 Nxd4 24. Rxd4 Kf8 25. Qd2 Nd5 26. a3 Bf6 27. Rd3 Qc6 28. c4 bxc4 29. Qc2 a5 30. bxa5 Qb5 31. Rf3 c3 32. Qxh7 Qe2 33. Qh8+ Ke7 34. Qc8 Qe1+ 35. Kh2 Be5+ 36. g3 Qe2 37. Rxf7+ Kxf7 38. Qd7+ Ne7 39. Kg2 c2 40. a6 c1Q 0-1

[Event "HUN-chT2 Breyer 1718"]
[Site "Hungary"]
[Date "2017.11.26"]
[Round "4.11"]
[White "Topercer, Marton"]
[Black "Pasztor, Balazs"]
[Result "0-1"]
[WhiteElo "1344"]
[BlackElo "1932"]
[PlyCount "76"]
[EventDate "2017.09.24"]
[EventType "team-tourn"]
[EventRounds "11"]
[EventCountry "HUN"]
[SourceTitle "EXT 2021"]
[Source "ChessBase"]
[SourceDate "2020.10.23"]
[SourceVersion "1"]
[SourceVersionDate "2020.10.23"]
[SourceQuality "1"]
[WhiteTeam "Tatabanya Turul"]
[BlackTeam "Naszaly Geniusz Tata"]
[WhiteTeamCountry "HUN"]
[BlackTeamCountry "HUN"]

1. e4 e5 2. Nf3 Nc6 3. Bb5 a6 4. Ba4 Nf6 5. d3 d6 6. Bg5 h6 7. Bh4 b5 8. Bb3 Na5 9. Nbd2 Nxb3 10. axb3 g6 11. c4 Bb7 12. 0-0 Bg7 13. h3 0-0 14. Nh2 Qd7 15. Bxf6 Bxf6 16. Qg4 Qe7 17. Rad1 Bg7 18. f4 exf4 19. Qxf4 f5 20. Qg3 Kh7 21. Rde1 Bd4+ 22. Kh1 f4 23. Qf3 Qg7 24. Qe2 Rae8 25. Ndf3 Bxb2 26. Ng4 Bc3 27. Rc1 b4 28. Qf2 Kh8 29. Qh4 h5 30. Ng5 Kg8 31. Nh2 Be5 32. Nhf3 Bf6 33. Rce1 Qh6 34. g4 Re5 35. Nxe5 Bxg5 36. Qf2 dxe5 37. h4 hxg4 38. Rg1 g3 0-1